Gaming Quiz

Random Gaming or Nintendo Quiz

All Things GoldenEye Quiz Stats

 Plays Quiz Updated Jun 23, 2014

Support Sporcle.
Go Orange.
Score 0/110 Timer 11:00
3 Plays Today
% Correct
James Bond
92.3%
Oddjob
56%
Alec Trevelyan
51.5%
Golden Gun
49.4%
Jaws
47.8%
Natalya
45.2%
Dam
44.8%
PP7
42.9%
Facility
40.2%
Grenade
40.1%
Boris Grishenko
39.2%
Xenia Onatopp
39.1%
Big Head DK Mode
38.5%
Rocket Launcher
37.2%
Jungle
37.1%
Moonraker Laser
35.8%
Proximity Mine
35.3%
Bunker
34.9%
Train
33.9%
Runway
33.2%
Klobb
33%
Grenade Launcher
31.7%
Silo
31.4%
Remote Mine
31.4%
Timed Mine
30.6%
Cradle
30.3%
Streets
30.2%
Aztec
29.8%
Sniper Rifle
29.4%
Archives
29%
Throwing Knife
28.6%
Frigate
28.3%
RC-P90
28.3%
Invincibility
27.3%
Bunker (Revisted)
27.1%
Paintball Mode
26.8%
Silenced PP7
26.5%
% Correct
Cougar Magnum
26.3%
Caverns
26.2%
Statue Park
26.2%
Gold PP7
25.9%
Surface
25.5%
Depot
25.4%
Control
25.2%
Baron Samedi
24.3%
KF7 Soviet
24.2%
Shotgun
24.1%
Bond Invisible
23.9%
Egyptian
23.6%
Silver PP7
23.4%
Silver PP7
23.4%
Ourumov
23.2%
Surface (Revisited)
23.1%
AR33 Assault Rifle
22.6%
Defense Minister Dimitri Mishkin
22.4%
Valentin Zukovsky
21.9%
Tank
21.4%
DD44 Dostovei
20.8%
Russian Soldier
20.1%
Hunting Knife
19.7%
Scientist (a)
19.5%
Scientist (b)
19.5%
Watch Laser
18.4%
Maximum Ammunition
18.3%
Mayday
18.1%
Gold PP7
17.8%
All Guns
17.6%
Phantom
17.3%
Civilian (b)
17%
Civilian (a)
17%
Civilian (c)
17%
Civilian (d)
17%
D5K Deutsche
15.9%
Automatic Shotgun
15.9%
% Correct
Taser
13.2%
ZMG (9MM)
13.1%
Helicopter Pilot
13%
St. Petersburg Guard
10.8%
Turbo Mode
10.1%
2x Rocket Launcher
9.4%
Moonraker Elite (a)
9.3%
Moonraker Elite (b)
9.3%
Tiny Bond
9.2%
2x Grenade Launcher
9%
No Radar (multi)
8.5%
Siberian Special Forces
8.3%
Enemy Rockets
8%
Slow Animation
7.9%
2x Laser
7.8%
Fast Animation
7.7%
Janus Special Forces
7.7%
2x RC-P90s
7.5%
Janus Marine
7%
Russian Infantry
6.7%
Siberian Guard (b)
6.7%
Siberian Guard (a)
6.7%
Detonator
6.7%
Jungle Commando
6.3%
Dr Doak
6.2%
2x Throwing Knives
6%
Arctic Commando
5.9%
Naval Officer
5.8%
2x Hunting Knives
5.4%
Biker
4.6%
Terrorist
4.6%
Line Mode
4%
Russian Commandant
3.9%
All Levels
3.5%
Roskia
2%
Aztec Bonus Level
1.9%

From the Vault

After They Were President

by Hejman

History 5m
If I were a retired president, I would take naps...lots and lots of naps.
Remove Ads.
Support Sporcle.
Get the best of Sporcle when you Go Orange. This ad-free experience offers more features, more stats, and more fun while also helping to support Sporcle. Thank you for becoming a member.

Show Comments

Extras

Top Quizzes Today


Score Distribution

Your Account Isn't Verified!

In order to create a playlist on Sporcle, you need to verify the email address you used during registration. Go to your Sporcle Settings to finish the process.

Report this User

Report this user for behavior that violates our Community Guidelines.

Details: